000 00663nam a2200217 i 4500
001 C2-0285054
003 PPAK
005 20180728014811.0
008 071218s xx a|||| ||||| | eng d
040 _aPPAK
_beng
_cPPAK
_erda
082 0 4 _a350.0009595
_223
090 0 0 _a350.0009595
_bKEM
_dKK
245 0 0 _aKementerian Sumber Manusia
_bBriefing package
264 1 _bBahagian perancangan dan penyelidikan dasar Kementerian Sumber Manusia ,
300 _a21 pages :
_billustrations ;
_c56 cm
336 _2rdacontent
_atext
337 _2rdamedia
_aunmediated
338 _2rdacarrier
_avolume
650 1 0 _aPublic administration - Malaysia
942 _ddc
_cB
999 _c90975
_d90975